• 首页
  • 本馆介绍
  • 公告通知
  • 最新文献
  • 馆藏检索
  • 电子资源
  • 读者导购
  • 参考咨询
  • 我的图书馆
  • 登录
  • 详细信息显示
  • 放入我的书架
  • 预约/预借图书
  • 作者相关作品
  • 分类相关作品
  • 丛书相关作品
  • 出版社相关作品

书目信息

  • 表格格式
  • 工作单格式
  • 卡片格式
题名:
澳门教育制度与受教育权保护
    
 
作者: 张雪莲 著
分册:  
出版信息: 北京   社会科学文献出版社  2015.04
页数: 216页
开本: 24cm
丛书名: 澳门特别行政区法律丛书
单 册:
中图分类: G527.659 , D927.659.104
科图分类:
主题词: 教育制度--研究--澳门 , 受教育权--研究--澳门
电子资源:
ISBN: 978-7-5097-4108-5
000 01170oam2 2200301 450
001 0120151545554
005 20151231085642.54
010    @a978-7-5097-4108-5@dCNY59.00
100    @a20150428d2015 em y0chiy50 ea
101 0  @achi
102    @aCN@b110000
105    @ak z 000yy
106    @ar
200 1  @a澳门教育制度与受教育权保护@9ao men jiao yu zhi du yu shou jiao yu quan bao hu@dThe education system and the education right protection in Macau@f张雪莲著@zeng
210    @a北京@c社会科学文献出版社@d2015.04
215    @a216页@d24cm
225 2  @a澳门特别行政区法律丛书
330    @a本书系统介绍和论述了澳门的教育制度与教育改革,以及受教育权保护的强化,对于内地教育制度改革,具有相当普遍的参考价值。主要内容包括:教育制度与教育立法、基本概念等。
333    @a地区教育相关研究人员
461  0 @12001 @a澳门特别行政区法律丛书
510 1  @aEducation system and the education right protection in Macau@zeng
606 0  @a教育制度@x研究@y澳门
606 0  @a受教育权@x研究@y澳门
690    @aG527.659@v5
690    @aD927.659.104@v5
701  0 @a张雪莲@9zhang xue lian@4著
801  0 @aCN@b人天书店@c20150428
905    @b875120-22@dG527.659@e185@f3
    
    澳门教育制度与受教育权保护=The education system and the education right protection in Macau/张雪莲著.-北京:社会科学文献出版社,2015.04
    216页;24cm.-(澳门特别行政区法律丛书)
    使用对象:地区教育相关研究人员
    
    ISBN 978-7-5097-4108-5:CNY59.00
    本书系统介绍和论述了澳门的教育制度与教育改革,以及受教育权保护的强化,对于内地教育制度改革,具有相当普遍的参考价值。主要内容包括:教育制度与教育立法、基本概念等。
●
相关链接 在E读中查询图书 在五车中查询图书 在当当中查询图书 在豆瓣中查询图书


正题名:澳门教育制度与受教育权保护     索取号:G527.659/185         预约/预借

序号 登录号 条形码 馆藏地/架位号 状态 备注
1 875120   208751206   学院路分馆/ [索取号:G527.659/185] 在馆    
2 875121   208751215   学院路分馆/ [索取号:G527.659/185] 在馆    
3 875122   208751224   学院路分馆/ [索取号:G527.659/185] 在馆    
唐山师范学院图书馆 欢迎您!
大连网信软件有限公司© 版权所有